00639nam a22002177a 4500001000400000003000600004005001700010008004100027020001800068040002900086050000800115082000800123100001800131245006600149260004300215300003700258505000600295520008200301521002000383521001800403345FISKH20230328110138.0230328b cb ||||| |||| 00| 0 eng d a9780763611859 aFISKHbengcFISKHdFISKH aPZ7 a813 aMartin, David aMonkey Flies AwaycDavid Martin and Illustrated by Scott Nash aSomerville :bCandlewick Press.c2000. a4 leaves of plates.c14 x 20 cm. aB aMonkey's troubles include popping balloons, high-flying kites, and puddles. 8 a160 bLexile8 aB bRaz-Plus